01010nam a2200253 a 450000100100000000500170001000800410002702000150006804000250008308200190010810000240012724501490015126000740030030000270037465000440040165000330044565000310047865000350050970000260054470000370057004900090060795201230061699900170073900002275920250717131055.0100915s1982 xxu 000 0 spa d a0311114490 aDO-SdBNPbspacBNPHU a268.433bH866m1 aHowse, W. L.94224610aMejor enseñanza bíblica para maestros de jovenes /cW. L. Howse; José Rivas traducción, revisión y adaptación Jorge Enriquez Díaz. aEstados Unidos de América :bCasa Bautista de Publicaciones,c1982. a96 p. :bil. ;c18 cm. 4aEducación cristiana de jovenes933717 4aEducación cristiana911641 0aEducación religiosa9682 4aTeologíaxEnseñanza9455711 aRivas, José.9422471 aDíaz F., Jorge Enriquez946761 aBNGR 001054708MOaGRbGRcCTd2010-11-17iLF1l0o268.433 H866mp22759-10r2020-06-25w2020-06-25y4ZPréstamo en sala c22256d22256